The Role of Competition in Economic Transition (Record no. 1272)

MARC details
000 -LEADER
fixed length control field 00729nam a22001937i 4500
001 - CONTROL NUMBER
control field 1286
003 - CONTROL NUMBER IDENTIFIER
control field OSt
005 - DATE AND TIME OF LATEST TRANSACTION
control field 20170126082252.0
007 - PHYSICAL DESCRIPTION FIXED FIELD--GENERAL INFORMATION
fixed length control field tu
008 - FIXED-LENGTH DATA ELEMENTS--GENERAL INFORMATION
fixed length control field 161220s1993 xxu||||| |||| 00| 0 d
024 7# - OTHER STANDARD IDENTIFIER
Standard number or code 1285
Source of number or code RID
040 ## - CATALOGING SOURCE
Transcribing agency OSt
084 ## - OTHER CLASSIFICATION NUMBER
Classification number 3.21
-- 10.12
-- 3.74
Number source z
100 1# - MAIN ENTRY--PERSONAL NAME
Personal name Saunders, Christopher T.
Relator term Ed.
245 00 - TITLE STATEMENT
Title The Role of Competition in Economic Transition
Remainder of title Workshop on European Economic Interaction....,Marianske Lazne, April 1992
260 ## - PUBLICATION, DISTRIBUTION, ETC.
Place of publication, distribution, etc. Houndmills,Basingstoke :
Name of publisher, distributor, etc. Wiener Institut für Internationale Wirtschaftsvergleiche (WIIW),
Date of publication, distribution, etc. 1993.
300 ## - PHYSICAL DESCRIPTION
Extent 245 S. ;
Dimensions 21cm.
490 ## - SERIES STATEMENT
Series statement European Economic Interaction and Integration (Früher:East-West European Economic Interaction) / WIIW Workshop Papers
Volume/sequential designation 14
942 ## - ADDED ENTRY ELEMENTS (KOHA)
Koha item type Book
Holdings
Withdrawn status Lost status Damaged status Not for loan Home library Current library Shelving location Date acquired Inventory number Total Checkouts Full call number Barcode Date last seen Price effective from Koha item type
        WIIW WIIW Library 09/10/1993 1286   I-2.383/14 301284 01/26/2017 01/26/2017 Book
The Vienna Instiute for International Economic Studies (wiiw)